Datum a čas kvízu
36
Celkem bodů
Celkový počet nahraných bodů na tomto kvízu bez doplňovacích otázek.
4.
Pořadí na kvízu
Konečné umístění týmu na tomto kvízu.
Zaznamenané odpovědi
# | Otázka | Odpověď | Body | Výsledky |
---|---|---|---|---|
1. | Minulý týden se satelitní sním... | srdce | 1 | |
2. | 56letá evropská politička byla... | Marine Le Pen | 1 | |
3. | V sobotu byly slavnostně vyhlá... | Vladimír Mišík, Kateřina Marie Tichá | 1 | |
4. | Evropská komise udělila pokut... | Mercedes-Benz | 1 | |
5. | Tento 46letý muž se jmenuje Ma... | Dukla (Praha) | 0 | |
6. | Miminkovské téma začněme u pro... | D | 1 | |
7. | U prvního miminka nás může pře... | smolka | 1 | |
8. | Ihned na první návštěvě u pedi... | vitamín D | 1 | |
9. | Pro klidný spánek miminka může... | bílý šum | 1 | |
10. | Ve které síti drogerií nakoupí... | Rossmann | 0 |